000 00574nam a22001697a 4500
008 150311b xxu||||| |||| 00| 0 eng d
020 _a0335003206
050 _aPE1128.C998
100 _aCzerniewska, Pam
_916175
245 _aUnderstanding Speech
_cprepared by Pam Czerniewska; contributions by Alan Cruttenden
260 _aBritain
_bThe Open University Press
_c1979
300 _a75p. ;
_c30cm.
440 _aPE 232
_nBlock 1
_916601
650 _aEnglish language
_xtextbooks for foreign students
_916172
700 _aCruttenden, Alan
_916177
942 _2lcc
_cMONOGRAPH
999 _c122392
_d122392